046_ Personnalités nées un 15 février par images - Statistiques

Statistiques générales
  • Ce quiz a été pris 39 fois
    11 depuis la dernière actualisation
  • Le résultat moyen est 3 sur 9
Statistiques - réponses
Par images Hint Réponse % Correct
Roi Louis XV
91%
Chanteuse Axelle Red
82%
Chanteuse Élodie Frégé
45%
Scientifique Galilée
45%
Dessinateur Matt Groening
45%
Pilote automobile Graham Hill
18%
Pilote automobile George Russell
9%
Philosophe Jeremy Bentham
9%
Dessinateur Art Spiegelman
0%
Aucun quiz correspondant
Distribution des résultats
% des personnes avec chaque résultat
Percentile par nombre de réponses
Votre historique - résultats
Vous n’avez pas pris ce quiz depuis la dernière actualisation